[Event "77th ITA-ch Men 2017"]
[Site "Cosenza"]
[Date "2017.12.03"]
[Round "5"]
[White "Barp, Alberto"]
[Black "Belli, Giorgio"]
[Result "1-0"]
[WhiteElo "2281"]
[BlackElo "2241"]
[Annotator "TA"]
[PlyCount "65"]
[EventDate "2017.??.??"]
[EventType "tourn"]
[EventCountry "ITA"]
[SourceTitle "playchess.com"]
[Source "ChessBase"]
[SourceQuality "1"]

{[%evp 18,65,37,41,62,71,65,60,69,40,50,35,54,52,55,43,62,31,29,43,40,39,43,43,37,17,30,33,34,27,94,73,93,93,154,165,174,189,175,174,226,237,234,229,281,280,378,358,350,332]} 1. d4 Nf6 2. c4 e6 3. Nf3 b6 4. g3 Ba6 5. b3 Bb7 6. Bg2 Bb4+ 7. Bd2 a5 8. O-O O-O 9. Nc3 d6 10. d5 {LiveBook: 6 Games. E15: Queen's Indian: 4 g3 sidelines, 4 g3 Ba6 and 4 g3 Bb7 early deviations} (10. Qc2 Nbd7 11. Rfe1 Bxc3 12. Bxc3 Be4 13. Qb2 c6 14. Bf1 b5 15. Nd2 b4 16. Nxe4 Nxe4 17. Bd2 Nxd2 18. Qxd2 c5 19. a3 cxd4 20. axb4 axb4 21. Qxb4 {½-½ (31) Ragger,M (2688)-Mamedyarov,S (2735) Vienna 2015}) 10... exd5 11. Nxd5 Bxd2 12. Qxd2 {White is slightly better.} Nc6 13. Nd4 Nxd4 14. Qxd4 {[#] aiming for Nxf6+.} Nxd5 $146 ({Predecessor:} 14... Rb8 15. Rac1 Re8 16. e3 Kf8 17. Rfd1 Re6 18. Nf4 Re8 19. Nd5 Re6 20. Nf4 Re8 21. Nd5 {½-½ (21) Livner,A (2281)-Brynell,S (2463) Norrkoeping 2008}) 15. cxd5 f5 16. Rac1 Rc8 17. Rfe1 Qf6 18. Qxf6 Rxf6 19. e4 fxe4 20. Bxe4 Rf7 21. Bg2 {[#] Threatens to win with Bh3.} Kf8 22. Bh3 Re8 23. Be6 $36 {[%mdl 2048] White has good play.} Rfe7 (23... Rf3 $11) 24. Re3 {White wants to mate with Rf3+.} g6 25. Rec3 c6 (25... b5 $142) 26. dxc6 $16 Bxc6 27. Rxc6 Rxe6 28. Rxb6 Re1+ (28... Re2 $142 29. Rxd6 Rxa2) 29. Rxe1 $18 Rxe1+ $16 {KR-KR} 30. Kg2 Re2 31. a4 ({Not} 31. Rxd6 Rxa2 32. Rb6 Rb2 $16) 31... Rb2 32. Rxd6 Rxb3 33. Ra6 {Precision: White = 65%, Black = 39%.} 1-0

[Event "77th ITA-ch Men 2017"]
[Site "Cosenza"]
[Date "2017.12.03"]
[Round "5"]
[White "Carnicelli, Valerio"]
[Black "Montilli, Vincenzo"]
[Result "1-0"]
[WhiteElo "2280"]
[BlackElo "2247"]
[Annotator "TA"]
[PlyCount "95"]
[EventDate "2017.??.??"]
[EventType "tourn"]
[EventCountry "ITA"]
[SourceTitle "playchess.com"]
[Source "ChessBase"]
[SourceQuality "1"]

{[%evp 17,95,12,21,2,6,9,22,19,17,11,16,-25,-28,-113,-102,-89,-82,-116,-112,-131,-137,-151,-170,-164,-154,-187,-96,-84,-77,-142,-137,-116,-50,-64,0,-62,-58,-59,-47,-43,-33,-64,-39,-47,0,-53,-56,-136,-142,-368,-12,-166,-25,-110,-70,-54,359,339,331,345,299,16,24,19,801,660,29990,797,684,704,5022,5018,1969,1962,29970,29962,29988,29989,29990,29991]} 1. e4 e6 2. d4 d5 3. Nc3 Nf6 4. e5 Nfd7 5. f4 c5 6. Nf3 Be7 {C11: French: Classical System: 4 e5 and 4 Bg5 dxe4} (6... Nc6 7. Be3 a6 8. Qd2 b5 9. dxc5 Bxc5 10. Ne2 O-O 11. Ned4 Qb6 12. c3 b4 13. Bd3 a5 14. O-O Ba6 15. Kh1 Bxd3 16. Qxd3 Qa6 17. Qc2 bxc3 18. bxc3 {½-½ (31) Dominguez Perez,L (2739)-So,W (2788) Saint Louis 2017}) 7. Be3 O-O 8. Qd2 b6 9. Nd1 a5 {LiveBook: 26 Games} 10. Nf2 Ba6 11. Bxa6 Rxa6 12. O-O Nc6 13. c3 $146 ({Predecessor:} 13. Qe2) 13... b5 14. a4 bxa4 15. Ng5 (15. Nd3 $11 {remains equal.}) 15... cxd4 16. cxd4 {Hoping for Qd3.} Nb4 17. Rxa4 Rc6 18. Nd3 {[%cal Rd3b4]} h6 $1 {[%cal Rh6g5]} 19. Nh3 {[%cal Rd3b4]} Nb6 $1 {[%cal Rb6a4]} 20. Raa1 Nc4 21. Nxb4 Bxb4 ({Not} 21... Nxd2 22. Nxc6 Nxf1 23. Nxd8 $11) ({Don't take} 21... axb4 22. Qe2 $15) (21... Rb6 $1 $19 22. Qd3 Rxb4) 22. Qe2 $17 Qb6 23. Rad1 (23. f5 $142) 23... Be7 24. Bc1 f6 (24... f5 $1 $17 25. Rf3 Rfc8) 25. Kh1 Rcc8 (25... f5 $15) 26. Rd3 (26. exf6 $11 Rxf6 27. Nf2) 26... fxe5 $15 27. dxe5 a4 28. Rg3 Rf5 29. Ng1 Rcf8 $36 {[%mdl 2048] Black is more active.} 30. Rh3 Na5 31. g4 (31. Qg4 $11 Nc4 32. Nf3 Nxb2 33. Bxb2 Rxf4 34. Qg6 Qxb2 35. Rxh6) 31... R5f7 32. Nf3 (32. Qc2 $15) 32... Nb3 $1 $17 {[%cal Rb3c1]} 33. Be3 $2 (33. Qd3 $17) 33... Bc5 $2 (33... d4 $19 34. g5 dxe3 35. gxh6 Qb7 36. hxg7 Rxg7) 34. Bxc5 $2 (34. Qd3 $1 $11 Rb8 35. Nh4) 34... Qxc5 ({Black should play} 34... Nxc5 $19 35. f5 exf5) 35. g5 (35. f5 $1 $11 {keeps the balance.}) 35... Rxf4 36. gxh6 g6 $2 {[%mdl 8192]} (36... Qc4 $1 $15 {stays ahead.} 37. Qxc4 dxc4 38. hxg7 R8f7) 37. Qg2 $18 Kh8 38. Rg1 $1 ({Stronger than} 38. Qxg6 Rg8 $11) 38... Rg8 39. Ng5 $2 (39. h7 $18 Rg7 40. Qg5) 39... Qe7 $1 $11 40. Rg3 {Nh3 is the strong threat.} Rh4 $2 {[%mdl 8192]} (40... Nc5 $11) 41. Rf3 {Threatens to win with Rf7.} Rf8 {[#]} 42. Rgf1 (42. Nf7+ $142 $1 {[%mdl 512]} Rxf7 {[#]} 43. Qxg6 $1 {[%mdl 512]} Rxh2+ 44. Kxh2 Qh4+ 45. Kg2 Qe4 46. Qxf7 Qg4+ 47. Kh2) 42... Rf5 $18 {[#]} 43. Nxe6 $1 {[%mdl 512]} Rxh6 (43... Qxe6 44. Rxf5) 44. Rxf5 gxf5 45. Rg1 {[%csl Gg1][%cal Rg2g8]} Qf7 46. Qg5 {White mates.} Kh7 47. Nd8 Qf8 48. e6 {Precision: White = 29%, Black = 38%.} 1-0

[Event "77th ITA-ch Men 2017"]
[Site "Cosenza"]
[Date "2017.12.03"]
[Round "5"]
[White "Di Benedetto, Edoardo"]
[Black "Formento, Paolo"]
[Result "1-0"]
[WhiteElo "2217"]
[BlackElo "2279"]
[Annotator "TA"]
[PlyCount "159"]
[EventDate "2017.??.??"]
[EventType "tourn"]
[EventCountry "ITA"]
[SourceTitle "playchess.com"]
[Source "ChessBase"]
[SourceQuality "1"]

{[%evp 16,159,34,0,0,0,0,-8,0,-27,-27,-20,-20,-25,-27,-50,-50,-50,-21,-50,-39,-50,-47,-43,-43,-43,-22,-21,0,0,0,0,0,0,0,0,0,0,0,0,0,0,0,0,1,0,0,0,0,0,0,-5,-7,-8,9,8,46,37,55,55,85,86,78,77,141,141,219,214,251,241,222,51,141,141,141,141,141,141,141,141,141,141,141,141,141,141,141,141,141,141,141,141,141,141,141,141,141,134,134,134,134,134,141,141,141,141,141,141,141,141,141,141,149,149,149,149,149,149,149,141,149,149,149,162,29961,29962,29959,29963,29963,29962,29959,29941,11008,11033,29954,29955,6243,149,149,149,1162,1181,4626,149,29986,229]} 1. e4 e6 2. d4 d5 3. Nc3 Nf6 4. Bg5 dxe4 5. Nxe4 Be7 6. Bxf6 gxf6 7. Nf3 f5 8. Nc3 a6 {C13: Französische Verteidigung (Klassisches System)} 9. Be2 {LiveBook: 5 Partien} (9. Qd2 b5 10. O-O-O b4 11. Na4 Qd5 12. b3 Bd7 13. Bc4 Qd6 14. d5 e5 15. Rhe1 e4 16. Nd4 {1-0 (40) Carlsen,M (2832)-Grischuk,A (2750) chess.com INT 2017}) 9... Qd6 10. O-O Nd7 $146 {Die Stellung ist ausgeglichen.} ({Vorgänger:} 10... Bf6 11. Qd2 O-O 12. Rad1 b5 13. Qh6 Bg7 14. Qh4 b4 15. Na4 Nd7 16. b3 {0-1 (31) Ostojic,K (1813)-Rapport,J (2323) Apatin 2014}) 11. Re1 b5 12. Ne5 Nxe5 13. dxe5 Qxd1 14. Raxd1 Bb7 15. Bf3 Bxf3 16. gxf3 Bc5 17. Rd3 Rd8 18. Red1 Rxd3 19. Rxd3 $15 {[%mdl 4096] Endspiel KTL-KTS} Ke7 20. f4 Rg8+ 21. Kf1 $1 Rg4 22. Ne2 Rh4 23. Kg2 f6 24. Rc3 Bb6 25. exf6+ Kxf6 26. b4 Rg4+ 27. Kf1 Rg8 28. Rh3 Kg6 29. Nc1 Ra8 30. Nd3 Bd4 31. Rg3+ Kf6 32. Rh3 Kg6 33. Ne5+ Bxe5 34. fxe5 $11 {KT-KT} Rd8 35. Rg3+ Kh6 36. Ra3 Rd4 37. Rxa6 Rc4 38. Rxe6+ Kg5 39. Re7 Rxc2 (39... Kf4 $142) 40. Rxh7 $16 Rxa2 (40... Kg6 $16 41. Rh8 Rxa2) 41. Rg7+ $18 ({Keinesfalls} 41. Rxc7 $6 Rb2 $16) 41... Kh6 42. Rxc7 Rb2 {[#]} 43. Rc5 $2 (43. Rf7 $1 $18) 43... Rxb4 {[#]} ({Günstiger ist} 43... Rb1+ $1 $14 44. Kg2 Rxb4) 44. e6 $1 $16 Re4 45. Rxf5 Rxe6 46. Rxb5 Ra6 47. Rb3 Kg5 48. Kg2 Ra4 49. h3 {[%cal Bh2h3,Bh3h4][%mdl 32]} Kh4 50. Rb8 Kg5 51. Kg3 Ra3+ 52. f3 Ra4 53. Rb5+ Kg6 54. h4 Rc4 55. Re5 Ra4 56. Re4 Ra1 57. Kg4 Rg1+ 58. Kf4 Kf6 59. Ra4 Rb1 60. Ra6+ Kg7 61. Kf5 Rb5+ 62. Kg4 Rb4+ 63. f4 Rb5 64. h5 Rc5 65. Re6 Kf7 66. Re5 Rc1 67. Ra5 Kf6 68. Ra6+ Kf7 69. Kg5 Rg1+ $2 (69... Rf1 $18 70. h6 Rg1+ 71. Kf5 Rc1 72. Ra7+ Kg8 73. Rg7+ Kh8) 70. Kf5 Rb1 71. Ra7+ Kf8 72. Kg6 Rb6+ 73. Kg5 Kg8 74. f5 Rc6 75. h6 Rc1 76. Kg6 $2 (76. f6 $18 {bietet bessere Gewinnchancen.} Rg1+ 77. Kf5 Rf1+ 78. Ke5) 76... Rg1+ 77. Kf6 {jetzt Tg7+ und aus.} Rb1 78. Re7 Rb6+ 79. Re6 $2 (79. Kg5 $18 {ist der präzise Gewinnweg.} Rb1 80. f6) 79... Rb7 $2 {[%mdl 8192]} (79... Rb2 $16 80. h7+ Kxh7 81. Re7+ Kg8 82. Re8+ Kh7) 80. Re8+ {Precision: Weiß = 71%, Schwarz = 49%.} 1-0

[Event "77th ITA-ch Men 2017"]
[Site "Cosenza"]
[Date "2017.12.04"]
[Round "6"]
[White "Brunello, Sabino"]
[Black "Gilevych, Artem"]
[Result "0-1"]
[WhiteElo "2553"]
[BlackElo "2422"]
[Annotator "TA"]
[PlyCount "94"]
[EventDate "2017.??.??"]
[EventType "tourn"]
[EventCountry "ITA"]
[SourceTitle "playchess.com"]
[Source "ChessBase"]
[SourceQuality "1"]

{[%evp 18,94,30,31,39,22,42,12,96,97,111,99,107,88,123,117,139,133,144,141,136,113,115,113,121,125,121,121,98,91,69,97,97,10,0,0,0,0,0,0,0,0,0,0,0,0,0,0,0,0,0,0,0,-362,-424,-617,-621,-625,-625,-625,-599,-604,-599,-580,-584,-1012,-994,-1124,-1116,-1110,-1109,-1109,-1097,-1090,-1090,-1038,-991,-919,-902]} 1. e4 e6 2. d4 d5 3. Nd2 Nf6 4. e5 Nfd7 5. Bd3 c5 6. c3 b6 7. Ne2 Ba6 8. Bxa6 Nxa6 9. Nf3 Be7 {C06: French Tarrasch: 3...Nf6 4 e5 Nfd7 5 Bd3 main lines} 10. h4 {[%cal Bh2h4,Bh4g5][%mdl 32] LiveBook: 3 Games} (10. O-O b5 11. Nf4 g6 12. Re1 b4 13. c4 Nb6 14. cxd5 exd5 15. e6 f6 16. Qc2 Qd6 17. a3 {1-0 (54) Hou,Y (2673)-Dzagnidze,N (2570) Beijing 2014}) 10... Nc7 11. Nf4 $146 ({Predecessor:} 11. Bg5 h6 12. Bxe7 Qxe7 13. Nf4 c4 14. Qc2 b5 15. g4 Nb6 16. Nh5 O-O-O 17. O-O-O {0-1 (36) Chulivska,V (2248)-Poluektov,Y (2372) Chervonograd 2008}) 11... Qc8 {The position is equal.} 12. Ng5 Bxg5 (12... Qa6 $11 {keeps the balance.}) 13. hxg5 $16 g6 14. Be3 Qa6 15. g4 O-O-O 16. b3 Kb8 17. a4 Qb7 {next ...Nxe5 is good for Black.} 18. Rh3 a5 19. b4 cxb4 ({Much worse is} 19... axb4 $6 20. cxb4 cxb4 21. Nd3 $14) 20. cxb4 axb4 21. Nd3 Na6 22. Rf3 Rhf8 23. Bd2 Rc8 24. Nxb4 Rc4 {[#]} 25. Nxa6+ ({Better is} 25. Nc2 $1 $16) 25... Qxa6 $11 26. Bc3 Ka8 27. Qb3 Nb8 28. Qb5 Rfc8 29. Kd2 R8c7 $1 30. Ra3 Kb7 31. Qe8 Nc6 32. Rxf7 Nxd4 {( -> ...Rxc3!)} 33. Rxc7+ Kxc7 34. Qf7+ Kb8 35. Qf8+ $2 {[%mdl 8192] [#]} (35. Bxd4 $11 Rxd4+ 36. Ke3 Re4+ 37. Kf3) 35... Kb7 $1 $19 36. a5 (36. Qf6 $142) 36... Rc8 37. Qe7+ Rc7 38. Qxc7+ Kxc7 39. Bxd4 bxa5 {[%mdl 4096] Endgame KQ-KRB} 40. Rh3 Kc6 41. Rxh7 Qc4 42. Ke3 Qc1+ 43. Kd3 Qd1+ 44. Kc3 Qf3+ 45. Be3 Qxg4 46. Rh8 Qc4+ 47. Kd2 Qb4+ {Precision: White = 57%, Black = 60%.} 0-1

[Event "77th ITA-ch Men 2017"]
[Site "Cosenza"]
[Date "2017.12.04"]
[Round "6"]
[White "Dvirnyy, Danyyil"]
[Black "Stella, Andrea"]
[Result "1/2-1/2"]
[WhiteElo "2532"]
[BlackElo "2505"]
[Annotator "TA"]
[PlyCount "34"]
[EventDate "2017.??.??"]
[EventType "tourn"]
[EventCountry "ITA"]
[SourceTitle "playchess.com"]
[Source "ChessBase"]
[SourceQuality "1"]

{[%evp 20,34,61,54,71,73,77,59,59,73,108,50,79,33,21,17,23]} 1. Nf3 Nf6 2. d4 g6 3. e3 Bg7 4. Be2 O-O 5. O-O d6 6. c4 Nbd7 7. Nc3 e5 8. b4 Re8 9. Qc2 e4 {E61: Königsindisch (Abweichungen der Hauptvariante)} (9... Qe7 10. Bb2 e4 11. Nd2 h5 12. Rac1 h4 13. Rfd1 h3 14. g3 c6 15. Nb3 a6 16. d5 cxd5 17. Nxd5 Nxd5 18. Rxd5 Bxb2 19. Qxb2 {0-1 (41) Lalith,B (2537)-Yu,Y (2724) Caleta 2015}) 10. Nd2 Qe7 11. a4 {[%cal Ba2a4,Ba4a5][%mdl 32] LiveBook: 4 Partien} h5 {Weiß steht etwas besser.} 12. a5 $146 ({Vorgänger:} 12. b5 Nf8 13. Re1 c6 14. bxc6 bxc6 15. a5 N8h7 16. Ba3 Ng5 17. Rab1 {0-1 (50) Jaime Montalvan,L (2242)-Tratar,M (2466) Campillos 2006}) 12... a6 13. b5 h4 14. h3 Nf8 15. bxa6 ({Günstiger ist} 15. Ba3 $16) 15... bxa6 $14 16. Nd5 Nxd5 17. cxd5 Nh7 1/2-1/2

[Event "77th ITA-ch Men 2017"]
[Site "Cosenza"]
[Date "2017.12.04"]
[Round "6"]
[White "Valsecchi, Alessio"]
[Black "Moroni, Luca Jr"]
[Result "1/2-1/2"]
[WhiteElo "2501"]
[BlackElo "2530"]
[Annotator "TA"]
[PlyCount "26"]
[EventDate "2017.??.??"]
[EventType "tourn"]
[EventCountry "ITA"]
[SourceTitle "playchess.com"]
[Source "ChessBase"]
[SourceQuality "1"]

{[%evp 20,26,7,0,24,0,8,0,17]} 1. d4 Nf6 2. c4 e6 3. Nc3 Bb4 4. e3 b6 5. Nge2 Ne4 6. Qc2 Bb7 7. a3 Bxc3+ 8. Nxc3 Nxc3 9. Qxc3 Qh4 {E44: Nimzo-Indian: Rubinstein: 4...b6 5 Ne2} 10. b3 O-O 11. Bb2 {LiveBook: 3 Games} d6 12. Qc2 $146 ({Predecessor:} 12. d5 f6 13. Rd1 e5 14. Be2 Nd7 15. O-O Rae8 16. f3 f5 17. Bd3 Bc8 18. b4 {1-0 (43) Shulman,Y (2551)-Kortschnoj,V (2643) Ohrid 2001}) 12... Be4 13. Bd3 Bxd3 (13... Bxg2 $5 14. Rg1 $8 Bb7 $11) 1/2-1/2

[Event "77th ITA-ch Men 2017"]
[Site "Cosenza"]
[Date "2017.12.04"]
[Round "6"]
[White "Godena, Michele"]
[Black "David, Alberto"]
[Result "1/2-1/2"]
[WhiteElo "2499"]
[BlackElo "2571"]
[Annotator "TA"]
[PlyCount "43"]
[EventDate "2017.??.??"]
[EventType "tourn"]
[EventCountry "ITA"]
[SourceTitle "playchess.com"]
[Source "ChessBase"]
[SourceQuality "1"]

{[%evp 30,31,-18,-12]} 1. e4 c5 2. c3 Nf6 3. e5 Nd5 4. Bc4 e6 5. Nf3 d6 6. d4 cxd4 7. cxd4 Be7 8. O-O O-O 9. Qe2 Nc6 10. Nc3 Nxc3 11. bxc3 dxe5 12. dxe5 b6 13. Qe4 Qc7 {B22: Sicilian: 2 c3} 14. Bd3 g6 15. Bh6 Rd8 16. Rad1 {[#] LiveBook: 31 Games} {Predecessor:} Bb7 $146 17. Qf4 Rd5 18. Be4 Rc5 19. Rfe1 Rc4 20. Ng5 Nd8 21. Rd4 Rxd4 22. cxd4 {½-½ (43) Saldano Dayer,H (2425)-Pichot,A (2536) Villa Martelli 2016} 1/2-1/2

[Event "77th ITA-ch Men 2017"]
[Site "Cosenza"]
[Date "2017.12.04"]
[Round "6"]
[White "Sonis, Francesco"]
[Black "Genocchio, Daniele"]
[Result "1-0"]
[WhiteElo "2420"]
[BlackElo "2403"]
[Annotator "TA"]
[PlyCount "111"]
[EventDate "2017.??.??"]
[EventType "tourn"]
[EventCountry "ITA"]
[SourceTitle "playchess.com"]
[Source "ChessBase"]
[SourceQuality "1"]

{[%evp 20,111,40,51,50,42,30,36,39,34,25,24,56,56,52,23,31,-8,10,-12,-13,-14,-7,-11,-8,-10,-10,-14,-8,-23,-17,-75,-57,-44,-47,-47,-37,-52,-55,-123,-22,-20,-14,-12,-24,-11,147,151,156,156,156,156,155,152,144,134,152,97,138,137,144,142,150,144,150,139,183,178,340,332,291,290,433,324,307,290,259,245,1089,983,1660,1647,1891,1873,1663,1652,1449,0,1383,1337,1086,1062,1007,954]} 1. Nf3 d6 2. d4 Bg4 3. c4 Bxf3 4. exf3 g6 5. Nc3 Bg7 6. Be3 c6 7. d5 Nf6 8. Be2 Nbd7 9. O-O O-O 10. Qb3 {A41: 1 d4 d6: Tartakower System and Modern Defence} Qc7 11. Rac1 {LiveBook: 6 Games} Rfc8 $146 ({Predecessor:} 11... Nc5 12. Qa3 Ncd7 13. Rfe1 a5 14. f4 Rfc8 15. Bf3 Qd8 16. h3 Kf8 17. g3 Nb6 {½-½ (32) Leitao,R (2645)-Milos,G (2583) Caxias do Sul 2014}) 12. Qa3 {White is slightly better.} a6 13. f4 cxd5 14. cxd5 Qd8 15. Rfd1 Nc5 16. Bf3 Rc7 17. b4 Ncd7 18. Qa5 Rac8 19. Na4 Ne8 20. Rxc7 Qxc7 21. Nb6 Nxb6 22. Bxb6 Qd7 23. Be3 Rc2 24. Be4 Rc3 25. Qb6 (25. h3 $11) 25... Qc7 26. Qa7 Rc4 27. Bd3 Rxb4 28. Rc1 Qd8 29. f5 (29. h3 $15) 29... Nf6 (29... Bb2 $17 30. fxg6 hxg6) 30. Bd2 $1 $11 {[%cal Rd2b4]} Rb2 ({Wrong is} 30... Nxd5 $2 31. Bxb4 Nxb4 32. Qxb7 $18) 31. Bc3 Rxa2 32. Qxb7 {aiming for Bd4.} Nd7 $2 ({Black should try} 32... Qd7 $1 $11 33. Qb1 Ra4) 33. Qb3 $36 {[%mdl 2048] Black is under strong pressure.} Bxc3 34. Qxa2 Bd4 35. fxg6 hxg6 36. Bxa6 {And now Rc8 would win.} Bc5 37. Bf1 Nf6 38. Qc4 ({White should play} 38. g3) 38... Qb6 39. Rc2 $1 Qb1 40. Qd3 $1 {Strongly threatening Rxc5!} Qb4 41. h3 Ne4 42. Re2 f5 {[#]} 43. g4 $1 Bxf2+ $2 (43... Nxf2 {was called for.} 44. Rxf2 Qf4) 44. Rxf2 $18 Qc5 45. Qc2 {Threatens to win with Qxc5.} Qe3 (45... Qd4 {was necessary.} 46. gxf5 gxf5 47. Qc8+ Kg7 48. Qxf5 Nxf2) 46. Bg2 Nxf2 47. Qxf2 Qc1+ 48. Kh2 f4 $2 (48... fxg4 49. hxg4 Qg5) 49. h4 Kf7 50. Be4 Kg7 51. g5 Kf7 52. Kh3 Qc8+ {[#]} 53. Kh2 $2 (53. Kg2 $1 $18 Qg4+ 54. Kh2) 53... Qg4 $2 {[%mdl 8192]} (53... Qc1 $11 54. Kg2 Qd1 55. Qxf4+ Kg7) 54. Bf3 {White is clearly winning.} Qf5 55. Qe2 Kf8 56. Qe4 {Precision: White = 64%, Black = 43%.} 1-0

[Event "77th ITA-ch Men 2017"]
[Site "Cosenza"]
[Date "2017.12.05"]
[Round "7"]
[White "Moroni, Luca Jr"]
[Black "Sonis, Francesco"]
[Result "1/2-1/2"]
[WhiteElo "2530"]
[BlackElo "2420"]
[Annotator "TA"]
[PlyCount "82"]
[EventDate "2017.??.??"]
[EventType "tourn"]
[EventCountry "ITA"]
[SourceTitle "playchess.com"]
[Source "ChessBase"]
[SourceQuality "1"]

{[%evp 34,82,0,0,0,0,0,0,0,0,39,39,39,39,37,37,37,37,37,37,37,40,43,38,40,30,39,39,40,41,44,31,34,0,0,0,0,0,0,0,0,0,0,0,0,0,0,0,0,0,0]} 1. c4 Nf6 2. Nc3 e6 3. e4 {[%cal Be2e4,Be4e5][%mdl 32]} c5 4. e5 Ng8 5. Nf3 Nc6 6. d4 cxd4 7. Nxd4 Nxe5 8. Ndb5 a6 9. Nd6+ Bxd6 10. Qxd6 f6 11. Be3 Ne7 12. Bb6 Nf5 13. Qc5 d6 14. Qa5 {A19: English Opening: Flohr-Mikenas System with 3...c5} Qd7 15. f4 Nc6 16. Qa3 Nce7 17. O-O-O Qc6 18. Qb3 {LiveBook: 10 Games} O-O 19. Rg1 d5 20. g4 Nd6 {[%cal Rd6c4]} 21. c5 {[#]} Nc4 $146 (21... Nf7 {keeps more tension.} 22. Kb1 Bd7 23. Bg2 Rae8 24. f5 Qc8) ({Predecessor:} 21... Nf7) 22. Bxc4 dxc4 23. Qxc4 Nd5 $1 {[%cal Rd5b6]} 24. Nxd5 exd5 25. Qxd5+ Qxd5 26. Rxd5 {Threatens to win with f5.} Be6 27. Rd3 Bc4 28. Rd7 Rf7 29. Rgd1 Re8 30. Rd8 Rxd8 31. Rxd8+ $14 {[%mdl 4096] Endgame KRB-KRB} Rf8 32. Rd7 {Hoping for b3.} Rf7 $1 {[%cal Rf7d7]} 33. Rd4 Bxa2 {The position is equal.} 34. f5 Re7 35. Ba7 h5 36. gxh5 Re5 37. h6 gxh6 38. Rd8+ Kf7 39. Rd7+ Re7 40. Rd6 Re5 41. Rd7+ Re7 {Precision: White = 86%, Black = 88%.} 1/2-1/2

[Event "77th ITA-ch Men 2017"]
[Site "Cosenza"]
[Date "2017.12.05"]
[Round "7"]
[White "Stella, Andrea"]
[Black "Valsecchi, Alessio"]
[Result "1/2-1/2"]
[WhiteElo "2505"]
[BlackElo "2501"]
[Annotator "TA"]
[PlyCount "54"]
[EventDate "2017.??.??"]
[EventType "tourn"]
[EventCountry "ITA"]
[SourceTitle "playchess.com"]
[Source "ChessBase"]
[SourceQuality "1"]

{[%evp 32,54,27,10,61,56,63,72,58,0,0,0,0,0,0,-5,0,-4,-9,-12,0,-11,0,0,4]} 1. d4 d5 2. Nf3 Nf6 3. c4 e6 4. e3 Be7 5. Nc3 O-O 6. Be2 dxc4 7. Bxc4 c5 8. O-O cxd4 9. exd4 Nc6 10. a3 b6 11. Re1 Bb7 12. Ba2 Rc8 {[%cal Ba8c8,Bc8c7,Bc7d7][%mdl 32]} 13. Qd3 Rc7 {D40: Queen's Gambit Declined: Semi-Tarrasch with 5 e3} (13... h6 14. Be3 Re8 15. Rad1 Bf8 16. Bf4 Ne7 17. Rxe6 Bxf3 18. Rxf6 Bxd1 19. Rxf7 Kh8 20. Qxd1 Ng6 21. Be3 Rc7 22. Qg4 Rxf7 23. Bxf7 {1-0 (23) Cori Tello,J (2657)-Azarov,S (2556) Saint Louis 2017}) 14. Bg5 Nh5 15. Be3 Rd7 16. Rad1 Nf6 17. Bg5 {LiveBook: 10 Games} Nd5 (17... h6 $11 18. Bh4 (18. Bxf6 Bxf6 19. d5 Ne7 $11) 18... Re8) 18. h4 $14 Nxc3 19. bxc3 Bf6 $146 ({Predecessor:} 19... g6 20. Bh6 Bxh4 21. Bxf8 Kxf8 22. Qe3 Kg7 23. Nxh4 Qxh4 {1-0 (41) Eriksson,J (2292)-Llanes Hurtado,M (2431) Spain 2004}) 20. d5 $40 {[%mdl 128] White has some attack.} (20. Bxf6 $14 Qxf6 21. Ng5) 20... exd5 $1 $11 {The position is equal.} 21. Bxd5 Nb4 22. cxb4 {[#] Hoping for Re5.} Rxd5 23. Qe2 Bxg5 24. Nxg5 h6 25. Nf3 Rxd1 26. Rxd1 Bxf3 27. Qxf3 Qe7 1/2-1/2

[Event "77th ITA-ch Men 2017"]
[Site "Cosenza"]
[Date "2017.12.05"]
[Round "7"]
[White "Garcia Palermo, Carlos"]
[Black "Dvirnyy, Danyyil"]
[Result "0-1"]
[WhiteElo "2440"]
[BlackElo "2532"]
[Annotator "TA RC"]
[PlyCount "68"]
[EventDate "2017.??.??"]
[EventType "tourn"]
[EventCountry "ITA"]
[SourceTitle "playchess.com"]
[Source "ChessBase"]
[SourceQuality "1"]

{[%evp 9,68,-50,-37,-37,-43,-49,-49,-44,-53,-38,5,0,29,28,41,23,30,-25,1,-6,11,-2,18,6,72,78,125,125,120,118,125,140,141,80,76,41,59,0,0,0,6,-7,-4,-31,-22,-24,-22,-121,-117,-115,-114,-107,-107,-108,-109,-143,-107,-116,-125,-959,-932]} 1. Nf3 Nf6 2. g3 d5 3. Bg2 g6 4. b4 Bg7 5. Na3 O-O 6. O-O {A07: Barcza-System (Königsfianchetto mit möglichen Übergängen in andere Systeme)} c6 7. c4 a5 $146 ({Vorgänger:} 7... Na6 8. Rb1 Nc7 9. d3 b6 10. Qc2 Bb7 11. e4 {1-0 (36) Ivanisevic,I (2555)-Torrallardona,E (2134) Dos Hermanas 2003}) 8. b5 {Schwarz steht etwas besser.} dxc4 9. Bb2 Bd7 10. bxc6 Bxc6 11. Nxc4 Nbd7 12. Rc1 b5 13. Na3 ({Besser ist} 13. Ne3 Qb6 14. Bd4) 13... Rc8 $11 14. Rxc6 Rxc6 15. Nd4 Rc8 {Droht ...b4 und aus.} 16. Nc6 Qe8 (16... Rxc6 $1 $11 17. Bxc6 b4) 17. Nxb5 $16 Nb8 {[#]} 18. Nca7 $1 {[%mdl 1024] Weiss hat starke Kompensation.} Rc4 {Droht ...Tb4.} 19. a4 Qd7 {[#]} 20. d3 $1 {[%cal Rd3c4]} Rd8 21. Be5 (21. Qb3 $142 Rb4 22. Qc2) 21... Na6 22. Qb3 Rb4 23. Qc2 (23. Qc3 $14) 23... Ng4 $11 24. Bxg7 Kxg7 25. Nc6 Rc8 26. d4 Nf6 27. d5 Nb8 28. Qa2 (28. h4 $11) 28... Nxc6 $17 29. dxc6 Rxc6 30. Bxc6 Qxc6 31. Ra1 Ne4 32. Qa3 Qf6 33. f3 Nc5 34. Qc1 $2 {[%mdl 8192]} (34. Qc3 $17) 34... Nb3 {Precision: Weiß = 44%, Schwarz = 59%.} 0-1